Sports Quiz

Random Sports or NHL Quiz

NHL Atlantic Division Players (Clickable) Quiz Stats

 Plays Quiz not verified by Sporcle

Also try: NHL MVPs
Challenge
Share
Tweet
Embed
Score 0/75 Timer 06:00
0 Plays Today
% Correct
Sidney Crosby
72.9%
Michael Del Zotto
71.4%
Marc-Andre Fleury
70.9%
Ryan Callahan
70.4%
Scott Hartnell
70.4%
Evgeni Malkin
70.4%
Kris Letang
69.8%
Marian Gaborik
68.8%
Marc Staal
68.8%
Henrik Lundqvist
68.8%
Claude Giroux
68.3%
Danny Briere
68.3%
John Tavares
68.3%
Brooks Orpik
67.8%
James Neal
67.8%
Brad Richards
67.3%
Ilya Bryzgalov
67.3%
Luke Schenn
67.3%
Ilya Kovalchuk
66.8%
Travis Zajac
66.8%
Sean Couturier
66.8%
Jakub Voracek
66.8%
Dan Girardi
66.3%
Matt Cooke
65.8%
Michael Grabner
65.3%
Adam Henrique
64.8%
Derek Stepan
64.8%
Brayden Schenn
64.3%
Patrik Elias
63.8%
Ryan McDonagh
63.8%
Matt Read
63.8%
Mark Streit
63.3%
Adam Larsson
62.8%
Arron Asham
62.8%
Martin Biron
62.8%
Andrej Meszaros
62.8%
David Clarkson
62.3%
Stephen Gionta
62.3%
% Correct
Chris Krieder
62.3%
Chris Kunitz
62.3%
Bryce Salvador
61.8%
Braydon Coburn
61.8%
Tyler Kennedy
61.8%
Matt Moulson
61.8%
Zac Rinaldo
60.8%
Frans Nielsen
59.3%
Ruslan Fedotenko
58.3%
Deryk Engelland
58.3%
Josh Bailey
58.3%
Andy Greene
57.3%
Marek Zidlicky
56.3%
Nino Niederreiter
56.3%
Brandon Sutter
54.3%
Lubomir Visnovsky
54.3%
Steve Bernier
53.8%
Evgeni Nabokov
53.3%
Mark Fayne
51.8%
Taylor Pyatt
51.3%
Ryan Carter
50.3%
Stu Bickel
49.7%
Andrew MacDonald
49.7%
Tomas Vokoun
49.2%
Jody Shelley
47.7%
Bruno Gervais
47.2%
Tanner Glass
47.2%
Brad Boyes
46.2%
Cam Janssen
45.7%
Ben Lovejoy
45.2%
Eric Boulton
43.7%
Michael Haley
42.7%
Matt Carkner
41.2%
Jay Pandolfo
39.2%
Richard Park
36.7%
Marty Reasoner
34.2%
Krys Barch
31.2%

You're not logged in!

Compare scores with friends on all Sporcle quizzes.
OR
Log In

You Might Also Like...

Show Comments

Extras

Top Quizzes Today


Score Distribution

Your Account Isn't Verified!

In order to create a playlist on Sporcle, you need to verify the email address you used during registration. Go to your Sporcle Settings to finish the process.

Report this User

Report this user for behavior that violates our Community Guidelines.

Details: